Η γεωπολιτική του Αιγαίου πελάγους και το ζήτημα της υφαλοκρηπίδας : [πτυχιακή εργασία]
Αποθηκεύτηκε σε:
| Κύριος συγγραφέας: | |
|---|---|
| Συγγραφή απο Οργανισμό/Αρχή: | |
| Άλλοι συγγραφείς: | |
| Μορφή: | Thesis Βιβλίο |
| Γλώσσα: | Greek |
| Δημοσίευση: |
2013
|
| Θέματα: | |
| Διαθέσιμο Online: | http://hdl.handle.net/11610/9525 |
| Ετικέτες: |
Προσθήκη ετικέτας
Δεν υπάρχουν, Καταχωρήστε ετικέτα πρώτοι!
|
MARC
| LEADER | 00000cam a2200000 i 4500 | ||
|---|---|---|---|
| 001 | 1/46342 | ||
| 008 | 140428s2013 gre d | ||
| 035 | |l 10117460 | ||
| 040 | |a GR-MY-UA |b gre |e aacr | ||
| 041 | 0 | |a gre | |
| 082 | 0 | |a 327.4950561 |2 (22) | |
| 100 | 1 | |a Παπαφίγκος, Αντώνης. | |
| 245 | 1 | 2 | |a Η γεωπολιτική του Αιγαίου πελάγους και το ζήτημα της υφαλοκρηπίδας : |b [πτυχιακή εργασία] / |c εισηγητής: Παπαφίγκος Αντώνης ; επιβλέπων καθηγητής: Σιούσουρας Πέτρος |
| 260 | |c 2013 | ||
| 300 | |a 42 σ.; |b χάρτης; |c 30 εκ. | ||
| 502 | # | # | |a Πτυχιακή εργασία – Πανεπιστήμιο Αιγαίου, Χίος, 2013. |
| 504 | |a Περιλαμβάνει βιβλιογραφία | ||
| 650 | 0 | 0 | |a Continental shelf |z Aegean sea. |
| 650 | 0 | 0 | |a Continental shelf |z Greece. |
| 650 | 0 | 0 | |a Continental shelf |z Turkey. |
| 650 | 0 | 0 | |a Economic zones (Law of the sea) |
| 650 | 0 | 0 | |a Territorial waters |z Greece |z Aegean sea. |
| 650 | 0 | 0 | |a Territorial waters |z Turkey. |
| 650 | 0 | 0 | |a Dissertations, Academic |z Greece. |
| 651 | 0 | |a Greece |x Foreign relations |z Turkey. | |
| 651 | 0 | |a Turkey |x Foreign relations |z Greece. | |
| 700 | 1 | |4 ths |a Σιούσιουρας, Πέτρος Π. | |
| 710 | 1 | |a Πανεπιστήμιο Αιγαίου |b Σχολή Επιστημών της Διοίκησης |b Τμήμα Ναυτιλίας και Επιχειρηματικών Υπηρεσιών - Τ.Ν.Ε.Υ. | |
| 852 | |a INST |b CHIOS |c DIATR |e 20140428 |h 327.4950561 ΠΑΠ |p 005200034821 |q 005200034821 |t DIE |y 23 | ||
| 852 | |a INST |b CHIOS |c DIATR |e 20140428 |h 327.4950561 ΠΑΠ |p 005200034822 |q 005200034822 |t DIE |y 23 | ||
| 856 | |u http://hdl.handle.net/11610/9525 | ||
| 901 | |a BIBL2-2014-1 | ||
| 909 | |a Χ |b 179658 | ||
| 909 | |a Χ |b 179659 | ||
| 924 | |a ΠΑΠΑΦΙΓΚΟΣ |b ΑΝΤΩΝΗΣ |y ΧΙΟΣ |z 2013-07 | ||
| 970 | |a ΠΑΡΟΙΚΑΚΗ |b ΒΑΣΙΛΙΚΗ |z 2014/04/28 | ||